ბათუმის შოთა რუსთაველის სახელმწიფო უნივერსიტეტის ბიბლიოთეკა

მოთხრობები. (ბიბ.ჩანაწერი № 40487)

000 -LEADER
fixed length control field 01034nam a2200241Ia 4500
001 - CONTROL NUMBER
control field 7098
003 - CONTROL NUMBER IDENTIFIER
control field GE_BSU
008 - FIXED-LENGTH DATA ELEMENTS--GENERAL INFORMATION
fixed length control field 181216s||||||||xx |||||||||||||| ||und||
020 ## - INTERNATIONAL STANDARD BOOK NUMBER
International Standard Book Number 9789941152825.
040 ## - CATALOGING SOURCE
Transcribing agency GE_BSU
080 ## - UNIVERSAL DECIMAL CLASSIFICATION NUMBER
Universal Decimal Classification number 82-93
100 ## - MAIN ENTRY--PERSONAL NAME
Personal name ჰენრი,ო.
245 ## - TITLE STATEMENT
Title მოთხრობები.
245 ## - TITLE STATEMENT
Statement of responsibility, etc. მთარგმნ.პორფილე იაშვილი;ნელი ლარიონი და სხვ.რედ:რუსუდან გიორგაძე;დიზიან:ია მახათაძე;ყდის ილ.ნათია კვირცხალია.
250 ## - EDITION STATEMENT
Edition statement (მსოფლიო ლიტერატურის შედევრები მოზარდებისათვის,20)
260 ## - PUBLICATION, DISTRIBUTION, ETC.
Place of publication, distribution, etc. თბილისი.
260 ## - PUBLICATION, DISTRIBUTION, ETC.
Name of publisher, distributor, etc. ბაკურ სულაკაურის გამ-ბა.
260 ## - PUBLICATION, DISTRIBUTION, ETC.
Date of publication, distribution, etc. 2010.
300 ## - PHYSICAL DESCRIPTION
Extent 207გვ;19სმ.
653 ## - INDEX TERM--UNCONTROLLED
Uncontrolled term მოთხრობები.
942 ## - ADDED ENTRY ELEMENTS (KOHA)
Koha item type წიგნი
ეგზემპლარები
Withdrawn status Lost status Damaged status Not for loan Date acquired Barcode Date last seen Price effective from Koha item type
        2018-12-17 22948 2018-12-17 2018-12-17 წიგნი